000 00311nam a22001337a 4500
008 170904b xxu||||| |||| 00| 0 eng d
020 _a2900205493349
041 _aeng
080 _27 ED
_a070
100 _a40
101 _aMED
245 _aCOMMUNICATION MAKING CONNECTION
_cSEILER.W.J
942 _2udc
_cBK
999 _c26069
_d26069